[Event "Bouhjar BICA Rapid op 02nd"]
[Site "Bouhjar"]
[Date "2022.11.20"]
[Round "2"]
[White "Ben Youssef, Chedly"]
[Black "Hamzaoui, Khalil"]
[Result "1-0"]
[WhiteElo "1610"]
[BlackElo "1757"]
[PlyCount "128"]
[EventDate "2022.11.20"]
[EventType "swiss (rapid)"]
[EventRounds "9"]
[EventCountry "TUN"]
[SourceTitle "CBM 211 Extra"]
[Source "ChessBase"]
[SourceDate "2023.01.31"]
[SourceVersion "1"]
[SourceVersionDate "2023.01.31"]
[SourceQuality "1"]

1. e4 g6 2. Bc4 Bg7 3. Nf3 c6 4. d4 d5 5. exd5 cxd5 6. Bb3 Nf6 7. 0-0 0-0 8. h3 Nc6 9. c3 h6 10. Re1 b6 11. Bf4 Bb7 12. Nbd2 Rc8 13. Rc1 Re8 14. Nf1 a6 15. Qd2 Kh7 16. Bc2 e6 17. N3h2 Ne7 18. Be5 Nf5 19. g4 Nd6 20. f3 Kg8 21. Bf4 g5 22. Bg3 Nc4 23. Qe2 b5 24. b3 Nd6 25. Bb1 Qb6 26. Ne3 Red8 27. h4 b4 28. hxg5 hxg5 29. Qd3 bxc3 30. Rxc3 Rxc3 31. Qxc3 Nb5 32. Qc5 Nd7 33. Qe7 Bf6 34. Qb4 Bxd4 35. Bf2 Bc3 36. Qe7 Bf6 37. Qb4 a5 38. Qd2 d4 39. Nc4 Qc7 40. Qd3 Nf8 41. Nf1 Nc3 42. Ng3 Qf4 43. Nh5 Qxf3 44. Qxf3 Bxf3 45. Nxf6+ Kg7 46. Nh5+ Kg8 47. Ne5 Bb7 48. Bd3 Nh7 49. a3 Ba8 50. Nc4 Nd5 51. Nxa5 Nf4 52. Rd1 e5 53. Ng3 Nf6 54. Bf5 d3 55. Be3 Bf3 56. Rd2 e4 57. Nc4 Kg7 58. Ne5 Rh8 59. Nxf3 exf3 60. Kf2 Rh2+ 61. Kxf3 Rh3 62. Bxf4 gxf4 63. Kxf4 Nd5+ 64. Kf3 Kf6 1-0

[Event "TUN-ch"]
[Site "Istanbul"]
[Date "2021.04.05"]
[Round "2"]
[White "Ben Ammar, Mohamed"]
[Black "Hamzaoui, Khalil"]
[Result "1-0"]
[WhiteElo "2085"]
[BlackElo "1883"]
[PlyCount "61"]
[EventDate "2021.04.04"]
[EventType "tourn"]
[EventRounds "9"]
[EventCountry "TUR"]
[SourceTitle "CBM 201 Extra"]
[Source "ChessBase"]
[SourceDate "2021.05.31"]
[SourceVersion "1"]
[SourceVersionDate "2021.05.31"]
[SourceQuality "1"]

1. Nf3 Nf6 2. d4 g6 3. c4 Bg7 4. Nc3 d6 5. g3 Bf5 6. Bg2 Ne4 7. Nh4 Nxc3 8. bxc3 Bc8 9. Rb1 Nc6 10. Qa4 Bd7 11. Qa3 b6 12. 0-0 Rb8 13. Nf3 0-0 14. e4 f5 15. Re1 e5 16. c5 fxe4 17. Ng5 d5 18. Qb3 Bf5 19. Qa4 Qf6 20. Qb3 Rbd8 21. Bxe4 Na5 22. Bxd5+ Kh8 23. dxe5 Qe7 24. Qa3 Rxd5 25. cxb6 Qxa3 26. Bxa3 Bxb1 27. Bxf8 Bf5 28. Ba3 Bb1 29. Bf8 Bf5 30. bxa7 Bxf8 31. a8Q 1-0

[Event "African Online op"]
[Site "Tornelo INT"]
[Date "2021.02.05"]
[Round "9"]
[White "Kayonde, Andrew"]
[Black "Hamzaoui, Khalil"]
[Result "1-0"]
[WhiteElo "2393"]
[BlackElo "1883"]
[PlyCount "65"]
[EventDate "2021.02.01"]
[EventType "swiss (rapid)"]
[EventRounds "9"]
[EventCountry "NET"]
[SourceTitle "CBM 200 Extra"]
[Source "ChessBase"]
[SourceDate "2021.03.31"]
[SourceVersion "1"]
[SourceVersionDate "2021.03.31"]
[SourceQuality "1"]

1. d4 Nf6 2. Nf3 g6 3. c4 Bg7 4. g3 0-0 5. Bg2 d6 6. Nc3 Bf5 7. Nh4 Bc8 8. 0-0 e5 9. Nf3 exd4 10. Nxd4 Re8 11. h3 Nbd7 12. Qc2 c6 13. Rd1 a5 14. Bf4 Ne5 15. c5 d5 16. e4 Qe7 17. exd5 Qxc5 18. Bxe5 Rxe5 19. dxc6 bxc6 20. Nxc6 Bf5 21. Qa4 Ree8 22. Qb5 Qf8 23. Rd2 a4 24. a3 h5 25. Rad1 Rac8 26. Qxa4 Qc5 27. Qb5 Qxb5 28. Nxb5 Ne4 29. Bxe4 Bxe4 30. Nd6 Bf3 31. Nxc8 Bxd1 32. Rxd1 Rxc8 33. Ne7+ 1-0

[Event "African Online op"]
[Site "Tornelo INT"]
[Date "2021.02.02"]
[Round "2"]
[White "Strovsky, Mikhail"]
[Black "Hamzaoui, Khalil"]
[Result "1/2-1/2"]
[WhiteElo "2164"]
[BlackElo "1883"]
[PlyCount "98"]
[EventDate "2021.02.01"]
[EventType "swiss (rapid)"]
[EventRounds "9"]
[EventCountry "NET"]
[SourceTitle "CBM 200 Extra"]
[Source "ChessBase"]
[SourceDate "2021.03.31"]
[SourceVersion "1"]
[SourceVersionDate "2021.03.31"]
[SourceQuality "1"]

1. f4 d5 2. Nf3 Nf6 3. b3 g6 4. Bb2 Bg7 5. g3 0-0 6. Bg2 c5 7. 0-0 Nc6 8. e3 Nd7 9. d4 cxd4 10. exd4 Nc5 11. Nc3 Ne4 12. Nxe4 dxe4 13. Ne5 Qb6 14. Kh1 Rd8 15. Nxc6 Qxc6 16. c4 Qd7 17. Bxe4 Bxd4 18. Bxd4 Qxd4 19. Qxd4 Rxd4 20. Rfe1 Rb8 21. Rad1 Rxd1 22. Rxd1 Bh3 23. Kg1 Kf8 24. Kf2 Ke8 25. Ke3 Bd7 26. a3 Kd8 27. b4 Kc7 28. Rd3 h5 29. h4 Bc6 30. Bxc6 Kxc6 31. Ke4 Kc7 32. Ke5 Rc8 33. c5 Kc6 34. f5 gxf5 35. Kxf5 Rg8 36. Re3 Kd7 37. a4 Rg4 38. Rd3+ Ke8 39. Rb3 f6 40. Ke6 Re4+ 41. Kd5 Re1 42. Rd3 Kd7 43. Kc4+ Kc7 44. b5 Re4+ 45. Kb3 Rg4 46. Re3 Kd7 47. Rd3+ Kc7 48. Re3 Kd7 49. Rd3+ Kc7 1/2-1/2

[Event "TUN-ch Subsidiaire"]
[Site "Hammamet"]
[Date "2020.10.03"]
[Round "9"]
[White "Ghanem, Khaled"]
[Black "Hamzaoui, Khalil"]
[Result "0-1"]
[WhiteElo "1760"]
[BlackElo "1795"]
[PlyCount "28"]
[EventDate "2020.09.28"]
[EventType "swiss"]
[EventRounds "9"]
[EventCountry "TUN"]
[SourceTitle "CBM 198 Extra"]
[Source "ChessBase"]
[SourceDate "2020.11.30"]
[SourceVersion "1"]
[SourceVersionDate "2020.11.30"]
[SourceQuality "1"]

1. Nf3 g6 2. c4 Bg7 3. Nc3 c5 4. g3 Nc6 5. Bg2 d6 6. d3 e5 7. Nd5 Nge7 8. Nxe7 Qxe7 9. Rb1 0-0 10. e4 f5 11. Bd2 fxe4 12. dxe4 Bg4 13. h3 Bxf3 14. Bxf3 Qf7 0-1